Towards understanding of the rheology of rubber compounds and their processing (Record no. 71424)

MARC details
000 -LEADER
fixed length control field 00331nam a2200109Ia 4500
100 ## - MAIN ENTRY--AUTHOR NAME
Personal name White James L.
245 #0 - TITLE STATEMENT
Title Towards understanding of the rheology of rubber compounds and their processing
260 ## - PUBLICATION, DISTRIBUTION, ETC. (IMPRINT)
Name of publisher Rubber Chemistry and Technology
Year of publication 2009
300 ## - PHYSICAL DESCRIPTION
Number of Pages 131-148
942 ## - ADDED ENTRY ELEMENTS (KOHA)
Koha item type Journals
Holdings
Withdrawn status Lost status Damaged status Not for loan Home library Current library Date acquired Serial Enumeration / chronology Koha item type
      Journals RRII Library RRII Library 01/01/2010 Volume 82, Issue 2 Journals